| 000 | 00424cam a22001457a 4500 | ||
|---|---|---|---|
| 008 | 180718b2008 xxu||||| |||| 00| 0 eng d | ||
| 082 | _aO91x54 Sh23g | ||
| 100 | _aSharma, Vinod K. | ||
| 245 |
_aGlobal warming: its impact on India _cby Vinod K. Sharma |
||
| 260 |
_aDelhi _bIndian Institute of Public Administration _c2008 |
||
| 300 | _a36p. | ||
| 650 | _aAtmospheric temperature | ||
| 650 | _aGlobal warming | ||
| 700 | _a. | ||
| 999 |
_c493783 _d493783 |
||